| 000 | 00396nam a2200109Ia 4500 | ||
|---|---|---|---|
| 008 | 171204s9999 xx 000 0 und d | ||
| 245 | 4 | _aThe Intelligent Mind: On The Genesis And Constitution Of Discursive Thought: | |
| 245 | _cRichard Dien Winfield | ||
| 260 | _c2015 | ||
| 650 | _xDevelopment of Psychological Thought | ||
| 856 | _uhttp://down.ebook777.com/001/TheIntMinOnTheGenAndConOfDisTho.pdf | ||
| 999 |
_c346928 _d346928 |
||